000 01393nam a2200385Ii 4500
001 DIGVISION0448
003 NyNyDIG
006 m o d
007 cr |||||||||||
008 240803s2010 sp o 000 m spa d
035 _a(OCoLC)1450885402
040 _aDGITA
_beng
_erda
_epn
_cDGITA
020 _a9788498867053
_qeBook
050 1 4 _aBF632 ebook
245 1 3 _aEl arca de la sabiduría :
_bantología de textos de autoayuda y superación personal /
_c[compilador], Laureano J. Benítez Grande-Caballero.
246 3 0 _aAntología de textos de autoayuda y superación personal
264 1 _aMadrid, España :
_bVision Libros,
_c[2010]
300 _a1 online resource.
336 _atext
_btxt
_2rdacontent
337 _acomputer
_bc
_2rdamedia
338 _aonline resource
_bcr
_2rdacarrier
347 _atext file
_2rdaft
347 _bPDF
588 0 _aOnline resource; title from PDF title page (Digitalia, viewed August 3, 2024)
650 0 _aSelf-help.
650 0 _aSelf-realization.
655 7 _aPoetry.
_2lcgft
655 7 _aEssays.
_2lcgft
700 1 _aBenítez Grande-Caballero, Laureano,
_d1952-
_eeditor.
791 2 _aDigitalia (Firm),
_edistributor.
793 0 _gDigitalia eBook Collection:
_aVision Libros
856 4 0 _3Digitalia Hispánica
_uhttps://www.digitaliapublishing.com/a/89190/
910 _aPremium collection: 2024
942 _cRAA
999 _c267510
_d267510